| 000 | 00344nam a22001577a 4500 | ||
|---|---|---|---|
| 003 | SGT | ||
| 020 | _a9789386827104 | ||
| 082 |
_a612.3 _bN18K |
||
| 100 | _aKAUR, VARINDER | ||
| 245 | _aTB. OF NUTRITION FOR GNM STUDENTS | ||
| 250 | _a1ST | ||
| 260 |
_aINDIA _bCBS PUB _c2018 |
||
| 300 | _a162 | ||
| 650 | _aNUTRITION | ||
| 942 |
_2ddc _cBK _027 |
||
| 999 |
_c21924 _d21924 |
||